[Event "Match"]
[Site "www.echecsemail.com"]
[Date "2015.07.20"]
[Round "1"]
[White "Culiflori"]
[Black "Ditto"]
[WhiteElo "999"]
[BlackElo "1820"]
[Result "1-0"]
[Round "1"]
1.e4 e5
2.Ng1f3 Nb8c6
3.Bf1c4 Ng8f6
4.Nb1c3 Bf8b4
5.d3 d6
6.O-O Bb4c5
7.Bc1g5 Bc8g4
8.h3 Bg4d7
9.Nc3d5 Nc6d4
10.Nd5xf6 gxf6
11.Bg5h4 b5
12.Bc4b3 Rh8g8
13.Kh1 a5
14.Nf3xd4 Bc5xd4
15.Qd1h5 Rg8g7
16.c3 Bd4c5
17.f4 a4
18.Bb3c2 Bc5e3
19.fxe5 dxe5
20.Bh4xf6 Rg7g5
21.Qh5xh7 Qd8xf6
22.Rf1xf6 Bd7e6
23.Qh7h8 Ke7
24.Rf6xe6 Kxe6
25.Qh8xa8 Be3b6
26.Qa8d5 Kf6
27.Ra1f1 Kg6
28.Qd5xb5 a3
29.Qb5e8 Kh5
30.Qe8xf7 Rg5g6
31.Rf1f6 { resign }
1-0

[Event "Match"]
[Site "www.echecsemail.com"]
[Date "2015.07.20"]
[Round "1"]
[White "Udo40"]
[Black "Vinvangogh"]
[WhiteElo "1680"]
[BlackElo "1550"]
[Result "1-0"]
[Round "1"]
1.Ng1f3 Ng8h6
2.d4 d5
3.Bc1xh6 gxh6
4.e3 a6
5.c4 c5
6.dxc5 Qd8a5
7.Nb1c3 Bf8g7
8.Qd1c2 Nb8c6
9.cxd5 Nc6b4
10.Qc2b3 O-O
11.a3 Bc8f5
12.Bf1e2 Ra8d8
13.O-O Nb4d3
14.Nc3d1 b5
15.Be2xd3 Bf5xd3
16.Qb3xd3 e6
17.d6 Bg7f6
18.Ra1b1 b4
19.axb4 Qa5xb4
20.Qd3c2 e5
21.e4 Rd8c8
22.Qc2c3 Qb4b7
23.Rf1e1 Rf8d8
24.b4 Rd8xd6
25.Nf3xe5 a5
26.Qc3g3 Kf8
27.cxd6 Bf6g5
28.f4 Bg5f6
29.Ne5d3 Bf6d4
30.Nd1e3 Qb7xe4
31.Kh1 Qe4xd3
32.Rb1d1 Qd3e4
33.Ne3c4 Qe4d5
34.Nc4b6 Qd5c6
35.Nb6xc8 Qc6xc8
36.Rd1xd4 Qc8f5
37.d7 { resign }
1-0

[Event "Match"]
[Site "www.echecsemail.com"]
[Date "2015.07.20"]
[Round "1"]
[White "Krystek23"]
[Black "Harrytheking"]
[WhiteElo "2370"]
[BlackElo "1780"]
[Result "1-0"]
[Round "1"]
1.c4 b6
2.Nb1c3 a6
3.d4 h6
4.e4 e6
5.a3 Bc8b7
6.d5 Bf8d6
7.Ng1f3 e5
8.Bc1e3 Ng8e7
9.b4 Ne7g6
10.c5 bxc5
11.bxc5 Bd6e7
12.Ra1b1 Bb7c8
13.d6 cxd6
14.cxd6 Nb8c6
15.dxe7 Nc6xe7
16.Bf1c4 O-O
17.Qd1d6 a5
18.Be3c5 Rf8e8
19.Nf3xe5 Ng6xe5
20.Qd6xe5 Ne7g6
21.Bc4xf7 Kxf7
22.Qe5d5 Re8e6
23.Qd5xa8 Re6c6
24.Bc5d4 Qd8c7
25.O-O Rc6a6
26.Qa8d5 Ra6e6
27.f4 Ng6e7
28.Qd5h5 Kg8
29.f5 Re6d6
30.Qh5e8 Kh7
31.Qe8xe7 h5
32.Qe7xg7 { resign }
1-0

[Event "Match"]
[Site "www.echecsemail.com"]
[Date "2015.07.20"]
[Round "1"]
[White "Farnation"]
[Black "Boyc"]
[WhiteElo "1050"]
[BlackElo "1499"]
[Result "0-1"]
[Round "1"]
1.e4 e5
2.Ng1f3 Ng8f6
3.Bf1d3 d6
4.O-O Bf8e7
5.Nf3g5 Nb8c6
6.Bd3c4 O-O
7.Nb1c3 h6
8.Ng5h3 Bc8xh3
9.gxh3 Qd8d7
10.Qd1f3 Nc6d4
11.Qf3d3 c6
12.f4 b5
13.Bc4b3 c5
14.fxe5 dxe5
15.Rf1xf6 c4
16.Bb3xc4 bxc4
17.Qd3f1 Be7xf6
18.Qf1xc4 Qd7xh3
19.b3 Nd4f3
20.Kh1 Qh3xh2

0-1

[Event "Match"]
[Site "www.echecsemail.com"]
[Date "2015.07.20"]
[Round "1"]
[White "Wagner"]
[Black "F14"]
[WhiteElo "1680"]
[BlackElo "1830"]
[Result "1-0"]
[Round "1"]
1.e4 c5
2.Bf1c4 Nb8c6
3.Qd1f3 e6
4.c3 Nc6e5
5.Qf3e2 Ng8f6
6.h3 Bf8e7
7.b3 O-O
8.d4 Ne5xc4
9.bxc4 d5
10.Qe2e3 cxd4
11.cxd4 dxe4
12.Nb1c3 Be7b4
13.Ng1e2 Qd8b6
14.a3 Bb4e7
15.f3 exf3
16.gxf3 Rf8e8
17.Rh1g1 Kh8
18.a4 a6
19.Bc1a3 Be7xa3
20.Ra1xa3 Bc8d7
21.Qe3g5 Re8g8
22.Qg5c1 Qb6c7
23.c5 Nf6d5
24.Nc3e4 Qc7a5
25.Kf2 Qa5d8
26.Ne4g5 Qd8e7
27.Qc1b1 g6
28.Ne2g3 Qe7xg5
29.Ng3e4 Qg5h4
30.Rg1g3 Nd5f4
31.Qb1h1 e5
32.Ke3 Nf4d5
33.Kd3 f5
34.Kc4 { resign }
1-0

[Event "Match"]
[Site "www.echecsemail.com"]
[Date "2015.07.20"]
[Round "1"]
[White "Olddog55"]
[Black "Generalfree"]
[WhiteElo "1690"]
[BlackElo "1750"]
[Result "0-1"]
[Round "1"]
1.d4 Ng8f6
2.Ng1f3 d5
3.e3 Bc8f5
4.Bf1e2 e6
5.Nf3e5 c6
6.g4 Bf5e4
7.f3 Be4g6
8.f4 Nb8d7
9.O-O h5
10.g5 Nf6e4
11.Rf1f3 Nd7xe5
12.fxe5 Qd8xg5
13.Kh1 Bg6f5
14.Qd1e1 Bf5g4
15.Rf3f4 f5
16.c4 a5
17.c5 Bg4xe2
18.Qe1xe2 Qg5h6
19.Bc1d2 g5
20.Rf4f1 h4
21.a4 Ne4g3
22.hxg3 hxg3
23.Kg2 Qh6h3
24.Kg1 Qh3h1

0-1

[Event "Match"]
[Site "www.echecsemail.com"]
[Date "2015.07.20"]
[Round "1"]
[White "Boyc"]
[Black "Norbos"]
[WhiteElo "1499"]
[BlackElo "1600"]
[Result "1-0"]
[Round "1"]
1.d4 d5
2.c4 Ng8f6
3.Ng1f3 e6
4.Nb1c3 Bf8b4
5.Bc1g5 Qd8d6
6.Bg5xf6 gxf6
7.e3 b6
8.Bf1d3 Bc8a6
9.cxd5 Bb4xc3
10.bxc3 Qd6xd5
11.Bd3xa6 Nb8xa6
12.Qd1a4 b5
13.Qa4xa6 f5
14.a4 Qd5c4
15.Qa6xb5 Qc4xb5
16.axb5 Ke7
17.O-O Rh8g8
18.Nf3e5 h5
19.Ra1a6 h4
20.Ne5c6 Kd7
21.Rf1a1 h3
22.g3 Rg8g5
23.Ra6xa7 Ra8h8
24.Nc6e5 Ke7
25.Ra7xc7 Kf6
26.Rc7xf7 
1-0

[Event "Match"]
[Site "www.echecsemail.com"]
[Date "2015.07.20"]
[Round "1"]
[White "Drharislacan"]
[Black "Obisporey"]
[WhiteElo "1699"]
[BlackElo "2600"]
[Result "0-1"]
[Round "1"]
1.e4 c5
2.Ng1f3 Nb8c6
3.Bf1b5 g6
4.O-O Bf8g7
5.c3 Ng8f6
6.Rf1e1 O-O
7.d4 d5
8.e5 Nf6e4
9.Nf3g5 Ne4xg5
10.f4 Ng5e6
11.Bb5xc6 bxc6
12.g3 cxd4
13.cxd4 Qd8b6
14.Nb1a3 Qb6xd4
15.Qd1xd4 Ne6xd4
16.Re1e4 dxe4
17.Na3c4 Ra8b8
 { time }
0-1

[Event "Match"]
[Site "www.echecsemail.com"]
[Date "2015.07.20"]
[Round "1"]
[White "Maxxd"]
[Black "Sahl"]
[WhiteElo "1499"]
[BlackElo "1499"]
[Result "0-1"]
[Round "1"]
1.e3 d6
2.Ng1h3 Bc8e6
3.Nb1c3 Nb8c6
4.Bf1d3 Qd8d7
5.O-O Nc6e5
6.Qd1e2 Ne5xd3
7.cxd3 Be6g4
8.f3 Bg4xh3
9.gxh3 Qd7xh3
10.Rf1f2 e6
11.Nc3b5 Kd8
12.b3 a6
13.Nb5c3 Qh3h5
14.f4 Qh5xe2
15.Nc3xe2 g6
16.Bc1b2 f6
17.Ne2d4 e5
18.Nd4e6 Ke7
19.Ne6xc7 Ra8c8
20.Ra1c1 Kd7
21.Nc7d5 Rc8xc1
22.Bb2xc1 Bf8g7
23.b4 Ng8e7
24.Nd5b6 Ke6
25.d4 exd4
26.exd4 f5
27.Rf2e2 Kf7
28.Bc1b2 Ne7c6
29.Kg2 Nc6xb4
30.Nb6c4 Rh8d8
31.Bb2c3 Nb4xa2
32.Bc3b2 b5
33.Nc4b6 Rd8e8
34.Re2f2 Na2b4
35.Rf2f3 Re8e2
36.Kf1 Re2xd2
37.Bb2c3 Rd2d3
38.Ke2 Rd3xf3
39.Kxf3 Nb4c2
40.Nb6d5 Nc2xd4
41.Bc3xd4 Bg7xd4
42.Nd5c7 b4
43.Nc7xa6 b3
{ resign }
0-1

[Event "Match"]
[Site "www.echecsemail.com"]
[Date "2015.07.20"]
[Round "1"]
[White "Boyc"]
[Black "Vogue"]
[WhiteElo "1499"]
[BlackElo "1399"]
[Result "1/2-1/2"]
[Round "1"]
1.e4 c6
2.d4 d5
3.e5 c5
4.dxc5 Nb8c6
5.Bf1b5 e6
6.Bc1e3 Ng8e7
7.c3 Bc8d7
8.Bb5xc6 Ne7xc6
9.f4 g5
10.fxg5 h6
11.Ng1f3 hxg5
12.Be3xg5 Bf8e7
13.Bg5xe7 Qd8xe7
14.Qd1e2 Qe7xc5
15.Nb1d2 O-O-O
16.O-O-O Rd8g8
17.Nd2b3 Qc5f8
18.Kb1 Rg8g4
19.Rh1e1 Qf8g7
20.g3 Rg4e4
21.Qe2c2 Nc6xe5
22.Re1xe4 dxe4
23.Qc2xe4 Ne5xf3
24.Qe4xf3 Bd7c6
25.Qf3f2 Qg7h7
26.Ka1 Qh7xh2
27.Qf2xf7 Qh2e2
28.Rd1c1 e5
29.Qf7e6 Bc6d7
30.Qe6d5 { draw }
1/2-1/2

[Event "Match"]
[Site "www.echecsemail.com"]
[Date "2015.07.20"]
[Round "1"]
[White "Gorgo"]
[Black "Bertel"]
[WhiteElo "2230"]
[BlackElo "2290"]
[Result "0-1"]
[Round "1"]
1.d4 Ng8f6
2.c4 g6
3.Nb1c3 Bf8g7
4.e4 d6
5.Bf1e2 O-O
6.Ng1f3 e5
7.O-O Nb8c6
8.d5 Nc6e7
9.h3 Nf6e8
10.Qd1b3 b6
11.Be2d3 f5
12.Bc1g5 h6
13.Bg5d2 f4
14.Qb3c2 g5
15.b4 Ne7g6
16.Bd3e2 Ne8f6
17.Rf1b1 Rf8f7
18.a4 Bg7f8
19.Nf3h2 h5
20.f3 Rf7g7
21.a5 Ng6h8
22.Qc2d1 Nh8f7
23.Bd2e1 Nf7h6
24.Qd1a4 g4
25.h4 g3
26.Nh2f1 Nf6h7
27.axb6 cxb6
28.Qa4c2 Qd8xh4
29.c5 dxc5
30.Nc3a4 Nh6g4
31.fxg4 hxg4
32.Na4xb6 Nh7g5
33.Rb1b3 Rg7h7
34.Be1xg3 fxg3
35.Nf1xg3 Ng5f3
36.Be2xf3 Qh4xg3
37.Nb6xc8 Ra8xc8
 { time }
0-1

[Event "Match"]
[Site "www.echecsemail.com"]
[Date "2015.07.20"]
[Round "1"]
[White "Karlgrocer"]
[Black "Drharislacan"]
[WhiteElo "1900"]
[BlackElo "1699"]
[Result "1-0"]
[Round "1"]
1.Ng1f3 Ng8f6
2.d4 e6
3.b3 a5
4.e3 b6
5.Bf1e2 Ra8a6
6.Be2xa6 Nb8xa6
7.O-O Na6b4
8.a3  { time }
1-0

[Event "Match"]
[Site "www.echecsemail.com"]
[Date "2015.07.20"]
[Round "1"]
[White "Harrytheking"]
[Black "Pare123"]
[WhiteElo "1770"]
[BlackElo "2030"]
[Result "1-0"]
[Round "1"]
1.c4 e5
2.e4 Ng8f6
3.Nb1c3 h6
4.h3 Nb8c6
5.Ng1f3 d6
6.a3 Bf8e7
7.Bf1e2 O-O
8.d3 Bc8e6
9.b3 Nc6d4
10.Nf3xd4 exd4
11.Nc3d5 c5
12.O-O a6
13.Nd5xe7 Qd8xe7
14.Rf1e1 b5
15.Be2f3 Ra8b8
16.e5 dxe5
17.Re1xe5 Qe7d7
18.Re5xc5 Qd7a7
19.Rc5c6 Rf8d8
20.Bc1f4 Rb8c8
21.Rc6xc8 Rd8xc8
22.Qd1e1 bxc4
23.bxc4 Rc8e8
24.Bf3c6 Be6d7
25.Bc6e4 Nf6xe4
26.dxe4 f5
27.e5 Bd7e6
28.Qe1c1 Re8c8
29.a4 Rc8xc4
30.Qc1d2 g5
31.Bf4h2 f4
32.Qd2d3 Qa7c5
33.Qd3g6 Kf8
34.Qg6xh6 Ke8
35.Ra1f1 Qc5e7
36.Qh6h5 Kd7
37.Rf1b1 Kc7
38.Qh5f3 Rc4b4
39.Rb1c1 Kb8
40.a5 Qe7d7
41.g3 g4
42.hxg4 fxg3
43.Bh2xg3 Be6xg4
44.Qf3f8 Ka7
45.Qf8xb4 { resign }
1-0

[Event "Match"]
[Site "www.echecsemail.com"]
[Date "2015.07.20"]
[Round "1"]
[White "Reanna"]
[Black "Harrytheking"]
[WhiteElo "1590"]
[BlackElo "1770"]
[Result "0-1"]
[Round "1"]
1.c4 e6
2.e4 Nb8c6
3.Ng1f3 h6
4.Bf1e2 Ng8e7
5.O-O Ne7g6
6.d4 Bf8e7
7.Nb1c3 a6
8.Qd1c2 O-O
9.d5 exd5
10.cxd5 Nc6a7
11.e5 b5
12.a3 d6
13.e6 Be7f6
14.Bc1e3 Ng6e5
15.Nf3xe5 Bf6xe5
16.Be2g4 c6
17.Ra1d1 Qd8h4
18.Bg4h3 cxd5
19.Nc3xd5 Bc8xe6
20.f4 Be6xh3
21.fxe5 Qh4g4
22.Nd5e7 Kh8
23.exd6 Bh3xg2
24.Qc2xg2 Qg4e6
25.Be3f4 g5
26.Bf4xg5 f6
27.Ne7g6 Kh7
28.Ng6xf8 Ra8xf8
29.d7 Na7c6
30.Bg5c1 Rf8g8
31.Rf1f2 Rg8xg2
32.Rf2xg2 Nc6d8
33.h4 Qe6b6
34.Kh1 Qb6c6
35.b4 f5
36.Bc1f4 Nd8e6
37.Bf4e5 f4
38.Be5xf4 Ne6xf4
39.Rd1d2 Nf4xg2
40.d8Q Ng2xh4
41.Kg1 Nh4f3
42.Kf2 Nf3xd2
43.Qd8xd2 Qc6f6
44.Ke3 Qf6g5
 { time }
0-1

[Event "Match"]
[Site "www.echecsemail.com"]
[Date "2015.07.20"]
[Round "1"]
[White "Hajota"]
[Black "Nimzo"]
[WhiteElo "2620"]
[BlackElo "2690"]
[Result "0-1"]
[Round "1"]
1.Ng1f3 Ng8f6
2.c4 b6
3.g3 c5
4.Bf1g2 Bc8b7
5.O-O g6
6.Nb1c3 Bf8g7
7.d4 cxd4
8.Qd1xd4 Nb8c6
9.Qd4f4 Qd8b8
10.Rf1d1 Qb8xf4
11.Bc1xf4 Nc6d8
12.Ra1c1 Nf6e4
13.Nc3b5 Nd8e6
14.Rc1c2 Ra8c8
15.Bf4e3 a6
16.Nb5d4 Ne4d6
17.b3 Ne6c5
18.Nf3e1 Nd6e4
19.f3 Ne4f6
20.b4 Nc5a4
21.Nd4b3 d6
22.Be3d4 O-O
23.e4 Nf6d7
24.Bd4xg7 Kxg7
25.Bg2h3 Rc8c7
26.Bh3xd7 Rc7xd7
27.Ne1g2 Rd7c7
28.Rd1c1 Rf8c8
29.Kf2 e6
30.a3 { time. }
0-1

[Event "Match"]
[Site "www.echecsemail.com"]
[Date "2015.07.20"]
[Round "1"]
[White "Irene"]
[Black "Andradamaria"]
[WhiteElo "2010"]
[BlackElo "2249"]
[Result "1-0"]
[Round "1"]
1.d4 Ng8f6
2.Ng1f3 g6
3.e3 Bf8g7
4.Bf1c4 d5
5.Bc4b3 Bc8g4
6.h3 Bg4xf3
7.Qd1xf3 c6
8.O-O O-O
9.c4 e6
10.c5 Nb8d7
11.Nb1d2 Rf8e8
12.a3 b6
13.Bb3a4 b5
14.Ba4c2 e5
15.b4 e4
16.Qf3e2  { time }
1-0

[Event "Match"]
[Site "www.echecsemail.com"]
[Date "2015.07.20"]
[Round "1"]
[White "Geodad5"]
[Black "Eman85"]
[WhiteElo "2150"]
[BlackElo "2190"]
[Result "0-1"]
[Round "1"]
1.e4 e5
2.Ng1f3 d5
3.exd5 e4
4.Bf1b5 c6
5.dxc6 bxc6
6.Bb5c4 exf3
7.Qd1xf3 Qd8f6
8.Qf3e3 Bf8e7
9.O-O Ng8h6
10.Nb1c3 Nh6f5
11.Qe3e1 Nf5d4
12.Qe1d1 Nb8d7
13.d3 Nd7b6
14.Bc1e3 Nb6xc4
15.dxc4 Nd4e6
16.Qd1e2 O-O
17.Ra1d1 Bc8a6
18.a3 Ra8d8
19.Rd1xd8 Rf8xd8
20.Nc3a4 Qf6e5
21.b3 Ne6d4
22.Qe2d1 Nd4xb3
23.Qd1xd8 Be7xd8
24.cxb3 Bd8e7
25.Rf1d1 f5
26.g3 Qe5b8
27.Rd1d7 Qb8xb3
28.Rd7xe7 Ba6xc4
29.Na4c5 Qb3d1
30.Kg2 Bc4f1
{ resign }
0-1

[Event "Match"]
[Site "www.echecsemail.com"]
[Date "2015.07.20"]
[Round "1"]
[White "Canario"]
[Black "Generalfree"]
[WhiteElo "1700"]
[BlackElo "1820"]
[Result "1-0"]
[Round "1"]
1.e4 c5
2.Ng1f3 e6
3.Nb1c3 g6
4.Bf1c4 a6
5.a3 b5
6.Bc4e2 Qd8b6
7.d4 cxd4
8.Qd1xd4 Qb6xd4
9.Nf3xd4 Bf8g7
10.Bc1e3 Bc8b7
11.Nd4f3 Bg7xc3
12.bxc3 Bb7xe4
13.O-O Be4xc2
14.Nf3d4 Bc2e4
15.f3 Be4d5
16.Be2d3 e5
17.Nd4c2 f6
18.Ra1d1 Bd5b3
19.Rd1d2 Ng8e7
20.Bd3e4 Nb8c6
21.Nc2b4 f5
22.Be4xc6 dxc6
23.Be3c5 Ne7d5
24.Nb4xc6 Ra8c8
25.Nc6a5 Bb3c4
26.Bc5d6 Bc4xf1
27.Kxf1 Nd5xc3
28.Bd6xe5 O-O
29.Rd2d6 Nc3a4
30.Na5c6 Rc8e8
31.Be5f6 Na4c5
32.Bf6g5 Re8e6
33.Nc6e7 Kf7
34.Rd6c6 Re6xc6
35.Ne7xc6 Nc5d7
36.Ke2 Ke6
37.Ke3 Rf8e8
38.Kd4 Kd6
39.Nc6b4 Re8e2
40.g4 fxg4
41.Bg5f4 Nd7e5
42.fxg4 h6
43.Nb4d3 Ke6
44.Nd3xe5 g5
45.Bf4g3 Re2a2
46.Ne5d3 Ra2xa3
47.Nd3c5 Ke7
48.Nc5e4 b4
49.Bg3d6 Ke6
50.Bd6xb4 Ra3a4
51.Kc4 Ke5
52.Kb3 Ra4a1
53.Bb4c3 Kxe4
54.Bc3xa1 Kf3
55.Ba1g7 Kxg4
56.Bg7xh6 Kh5
57.Bh6f8 g4
58.Bf8d6 Kg5
59.Bd6g3 Kf5
60.Kb4 Ke4
61.Ka5 Kf3
62.Kxa6 Ke4
63.Kb6 Kf5
64.Kc5 Ke4
65.Kd6 Kf5
66.Ke7 Kg5
67.Ke6 Kg6
68.Bg3f4 Kh5
69.Kf5 Kh4
70.Kg6 Kh3
71.Bf4g3 Kg2
72.Kg5 Kf3
73.Bg3f4 g3
74.Bf4xg3 Kg2
75.h4 Kxg3
76.h5 { resign }
1-0

[Event "Match"]
[Site "www.echecsemail.com"]
[Date "2015.07.20"]
[Round "1"]
[White "Generalfree"]
[Black "Drdoom"]
[WhiteElo "1740"]
[BlackElo "1660"]
[Result "0-1"]
[Round "1"]
1.e4 e5
2.Ng1f3 d6
3.Bf1c4 Ng8f6
4.Nf3g5 Bc8e6
5.Bc4xe6 fxe6
6.Ng5xe6 Qd8e7
7.Ne6g5 h6
8.Ng5h3 Nf6xe4
9.Qd1h5 Kd8
10.d3 Ne4f6
11.Qh5f5 Qe7d7
12.Qf5f3 Nb8c6
13.c3 d5
14.O-O b6
15.Rf1d1 Ra8b8
16.a3 d4
17.cxd4 Nc6xd4
18.Qf3e3 Nd4c2
19.Qe3xe5 Nc2xa1
20.f3 Bf8c5
21.d4 Bc5d6
22.Qe5e2 Na1b3
23.Qe2d3 Nb3xc1
24.Rd1xc1 Kc8
25.Qd3a6 Kd8
26.Qa6xa7 Rb8c8
27.Nb1d2 Ke7
28.Nd2e4 Nf6xe4
29.fxe4 Qd7g4
30.Rc1e1 Rh8e8
31.e5 Qg4xd4
{ resign }
0-1

[Event "Match"]
[Site "www.echecsemail.com"]
[Date "2015.07.20"]
[Round "1"]
[White "Guidom"]
[Black "Cristiano"]
[WhiteElo "2070"]
[BlackElo "2150"]
[Result "1-0"]
[Round "1"]
1.e4 e5
2.Ng1f3 Nb8c6
3.Bf1b5 a6
4.Bb5a4 f5
5.exf5 e4
6.Ba4xc6 dxc6
7.Nf3e5 Qd8e7
8.Qd1h5 g6
9.fxg6 Ng8f6
10.g7 { resign }
1-0

[Event "Match"]
[Site "www.echecsemail.com"]
[Date "2015.07.20"]
[Round "1"]
[White "Karlgrocer"]
[Black "Oxycontin"]
[WhiteElo "1870"]
[BlackElo "2100"]
[Result "1-0"]
[Round "1"]
1.Ng1f3 Ng8f6
2.d4 d5
3.e3 e6
4.Bf1e2 c5
5.O-O Nb8c6
6.c3 cxd4
7.exd4 Bc8d7
8.Bc1g5 Bf8e7
9.Nb1d2 O-O
10.Bg5xf6 Be7xf6
11.Nd2b3 b6
12.Be2b5 a6
13.Bb5xc6 Bd7xc6
14.Rf1e1 Rf8e8
15.Nb3c1 Qd8c7
16.Nc1d3 Re8e7
17.Nd3e5 Bc6b7
18.Ne5g4 Ra8d8
19.Ng4xf6 gxf6
20.Re1e3 h6
21.Nf3h4 Kh7
22.Qd1e2 Rd8g8
23.Ra1e1 Qc7d6
24.Nh4f5  { time }
1-0

[Event "Match"]
[Site "www.echecsemail.com"]
[Date "2015.07.20"]
[Round "1"]
[White "Ditto"]
[Black "Calponas"]
[WhiteElo "1820"]
[BlackElo "2040"]
[Result "0-1"]
[Round "1"]
1.d4 f5
2.Ng1f3 Ng8f6
3.c4 e6
4.Bc1g5 Bf8e7
5.e3 O-O
6.Bf1d3 d5
7.Nf3e5 c6
8.O-O Nb8d7
9.cxd5 cxd5
10.Nb1c3 Nf6e4
11.Bg5xe7 Qd8xe7
12.Ra1c1 Nd7f6
13.Nc3b5 a6
14.Nb5c3 Bc8d7
15.Qd1b3 Ne4d2
16.Qb3xb7 Nd2xf1
17.Kxf1 Rf8b8
18.Qb7c7 Rb8xb2
19.Bd3c2 Ra8c8
20.Qc7a5 Bd7b5
21.Nc3xb5 axb5
22.Qa5a6 Rb2xc2
23.Rc1b1 Nf6e4
24.Rb1xb5 Rc2xf2
25.Kg1 Rc8c1
{ resign }
0-1

[Event "Match"]
[Site "www.echecsemail.com"]
[Date "2015.07.20"]
[Round "1"]
[White "Gilliere"]
[Black "Nugun"]
[WhiteElo "1800"]
[BlackElo "1610"]
[Result "1-0"]
[Round "1"]
1.e4 c6
2.Ng1f3 d5
3.exd5 Qd8xd5
4.Nb1c3 Qd5d8
5.d3 g6
6.Bf1e2 Ng8f6
7.O-O Bc8e6
8.Rf1e1 Qd8d7
9.Nf3e5 Qd7c7
10.Ne5f3 Nb8d7
11.Nf3g5 h6
12.Ng5xe6 fxe6
13.Be2g4 Nd7e5
14.Bg4xe6 Qc7d6
15.Be6b3 O-O-O
16.Bc1f4 Nf6g4
17.Bf4xe5 Ng4xe5
18.Nc3e4 Qd6b4
19.a3 Qb4b6
20.Ne4g3 Ne5g4
21.Qd1xg4 e6
22.Qg4xe6 Kb8
23.Qe6xg6 Bf8c5
24.Ng3e4 Rd8e8
25.Ne4xc5 Re8xe1
26.Ra1xe1 Qb6xc5
27.Re1e8 Rh8xe8
28.Qg6xe8 Kc7
29.Qe8e3 Qc5h5
30.c4 c5
31.h3 { resign }
1-0

[Event "Match"]
[Site "www.echecsemail.com"]
[Date "2015.07.20"]
[Round "1"]
[White "Kenji"]
[Black "Gorski"]
[WhiteElo "1099"]
[BlackElo "1130"]
[Result "1-0"]
[Round "1"]
1.e4 e5
2.Ng1f3 Bf8c5
3.Bf1c4 Nb8c6
4.Nb1c3 Ng8f6
5.O-O d6
6.h3 Bc8e6
7.d3 Qd8d7
8.Bc1g5 Qd7e7
9.Nc3b5 O-O
10.Bg5xf6 Qe7xf6
11.Nb5xc7 Ra8c8
12.Nc7xe6 Rf8e8
13.Ne6xc5 dxc5
14.c3 Rc8d8
15.Qd1a4 Rd8d6
16.Ra1d1 h5
{ time. }
1-0

[Event "Match"]
[Site "www.echecsemail.com"]
[Date "2015.07.20"]
[Round "1"]
[White "Ztornad"]
[Black "Micheles"]
[WhiteElo "1800"]
[BlackElo "2570"]
[Result "0-1"]
[Round "1"]
1.e4 c6
2.b3 d5
3.e5 Bc8f5
4.Bf1d3 Bf5xd3
5.cxd3 Nb8d7
6.Ng1f3 e6
7.Bc1b2 g5
8.g3 h5
9.O-O g4
10.Nf3d4 Ng8h6
11.a4 h4
12.Nb1c3 c5
13.Nd4b5 d4
14.Nc3e4 Nd7xe5
15.Qd1e2 a6
16.gxh4 Ne5f3
17.Kg2 Qd8xh4
18.Qe2xf3 gxf3
19.Kh1 Nh6g4
20.h3 Qh4xh3
21.Kg1 Qh3h2

0-1

[Event "Match"]
[Site "www.echecsemail.com"]
[Date "2015.07.20"]
[Round "1"]
[White "Mknittel"]
[Black "Ugarovesk"]
[WhiteElo "1809"]
[BlackElo "2169"]
[Result "0-1"]
[Round "1"]
1.c4 d5
2.d4 Ng8f6
3.Nb1c3 e6
4.cxd5 exd5
5.Bc1g5 Bf8e7
6.e3 O-O
7.Bf1d3 c6
8.Qd1c2 h6
9.Bg5h4 Bc8g4
10.h3 Bg4e6
11.Ng1e2 Nb8a6
12.Bd3xa6 bxa6
13.Bh4xf6 Be7xf6
14.O-O Qd8d6
15.Nc3a4 Ra8b8
16.Ra1c1 Rf8c8
17.Na4c5 Rb8b6
18.Ne2c3 a5
19.Nc3a4 Rb6b5
20.Rf1d1 Bf6d8
21.Nc5xe6 fxe6
22.f4 Qd6b4
 { time }
0-1

[Event "Match"]
[Site "www.echecsemail.com"]
[Date "2015.07.20"]
[Round "1"]
[White "Generalfree"]
[Black "Reanna"]
[WhiteElo "1930"]
[BlackElo "1590"]
[Result "1-0"]
[Round "1"]
1.e4 e5
2.Ng1f3 Nb8c6
3.Bf1c4 Ng8h6
4.c3 Bf8c5
5.O-O O-O
6.d4 exd4
7.cxd4 Bc5e7
8.Bc1xh6 gxh6
9.a3 Be7f6
10.e5 Bf6g7
11.Nb1c3 Nc6a5
12.Bc4a2 d6
13.b4 Na5c6
14.exd6 Qd8xd6
15.Nc3b5 Qd6f4
16.g3 Qf4g4
17.Nb5xc7 Ra8b8
18.Nc7b5 Bc8f5
19.d5 Nc6e7
20.Ra1c1 Bf5e4
21.Nb5d4 Bg7xd4
22.Nf3xd4 Qg4h3
23.Nd4f3 Ne7f5
24.Rc1c4 Be4xf3
25.Qd1xf3 Kh8
26.Rc4f4 Nf5g7
27.d6 Ng7h5
28.Rf4xf7 Rb8d8
29.Rf7xf8 Kg7
30.Qf3f7 
1-0

[Event "Match"]
[Site "www.echecsemail.com"]
[Date "2015.07.20"]
[Round "1"]
[White "Guidom"]
[Black "Carazo"]
[WhiteElo "2090"]
[BlackElo "1599"]
[Result "1-0"]
[Round "1"]
1.e4 e5
2.Ng1f3 Nb8c6
3.Bf1c4 h6
4.O-O Ng8f6
5.d3 Bf8e7
6.Nb1c3 b6
7.Bc1e3 a5
8.Qd1e2 O-O
9.Ra1d1 Be7b4
10.Nc3d5 d6
11.c3 Bb4c5
12.d4 Bc8g4
13.dxc5 Nc6e7
14.Nd5xf6 Kh8
15.Nf6xg4 Qd8d7
16.Ng4xe5 Qd7e8
17.cxd6 cxd6
18.Rd1xd6 Ne7c8
19.Rd6d7 Nc8e7
20.Rf1d1 Ne7c8
21.Ne5xf7 Kh7
22.Nf3g5 hxg5
23.Qe2h5 Kg8
24.Qh5h8 
1-0

[Event "Match"]
[Site "www.echecsemail.com"]
[Date "2015.07.20"]
[Round "1"]
[White "Drdoom"]
[Black "Carazo"]
[WhiteElo "1650"]
[BlackElo "1599"]
[Result "1-0"]
[Round "1"]
1.e4 e5
2.Ng1f3 Nb8c6
3.a3 Ng8f6
4.Nb1c3 Bf8c5
5.b4 Bc5b6
6.h3 Bb6d4
7.Bc1b2 Bd4xc3
8.Bb2xc3 O-O
9.d3 Rf8e8
10.Bf1e2 d5
11.Qd1c1 h6
12.O-O d4
13.Bc3b2 a5
14.c3 b6
15.b5 Nc6e7
16.Nf3xe5 Nf6d7
17.Ne5f3 dxc3
18.Qc1xc3 f6
19.a4 Bc8b7
20.Rf1d1 Re8f8
21.Nf3d4 Ne7g6
22.Nd4e6 Qd8c8
23.Ne6xf8 Ng6xf8
24.Be2g4 c6
25.Qc3c4 Kh8
26.d4 cxb5
27.Qc4xb5 Bb7a6
28.Qb5b3 Ba6c4
29.Qb3e3 Bc4e6
30.Bg4xe6 Nf8xe6
31.e5 f5
32.d5 Ne6g5
33.e6 Nd7c5
34.Rd1c1 Qc8b7
35.Rc1d1 Ra8e8
36.Qe3f4 Nc5e4
37.Qf4xf5 Ne4d6
38.Qf5c2 Re8c8
39.Qc2e2 Rc8c5
40.Qe2d3 Rc5c4
41.Rd1e1 b5
42.Ra1b1 Qb7b6
43.axb5 Kg8
44.Bb2a3 Rc4d4
45.Qd3e3 Nd6f5
46.Qe3e5 g6
47.Re1c1 Rd4e4
48.Rc1c8 { resign }
1-0

[Event "Match"]
[Site "www.echecsemail.com"]
[Date "2015.07.20"]
[Round "1"]
[White "Carazo"]
[Black "Pariolinius"]
[WhiteElo "1599"]
[BlackElo "1750"]
[Result "0-1"]
[Round "1"]
1.e4 c5
2.Ng1f3 Nb8c6
3.Bf1c4 e6
4.d3 Bf8d6
5.Bc1e3 b6
6.Nb1c3 Ng8f6
7.Be3g5 Bc8b7
8.Qd1d2 O-O
9.Bg5xf6 Qd8xf6
10.e5 Nc6xe5
11.Nc3e4 Ne5xf3
12.gxf3 Qf6xf3
13.Rh1g1 Bd6xh2
14.Rg1f1 Bb7xe4
15.dxe4 Qf3xe4
16.Bc4e2 Ra8d8
17.f3 Qe4b7
18.O-O-O d5
19.Be2c4 Qb7c7
20.Bc4d3 Bh2f4
21.Rf1h1 g6
22.Bd3xg6 fxg6
23.Qd2xf4 Qc7xf4
24.Kb1 Qf4xf3
25.a3 e5
26.Rh1f1 Qf3e2
27.Rf1e1 Qe2h2
28.Re1h1 Qh2g2
29.Rh1g1 Qg2e2
30.Rd1e1 Qe2h2
31.Rg1h1 Qh2g3
32.Re1g1 Qg3f4
33.Rg1e1 e4
34.Rh1h3 d4
35.Re1h1 Rf8f7
36.Rh3h4 Qf4e5
37.Rh1e1 e3
38.Re1e2 Rf7f1
39.Ka2 Qe5d5
40.b3 Rf1f2
{ resign }
0-1

[Event "Match"]
[Site "www.echecsemail.com"]
[Date "2015.07.20"]
[Round "1"]
[White "Udo40"]
[Black "Carazo"]
[WhiteElo "1680"]
[BlackElo "1599"]
[Result "0-1"]
[Round "1"]
1.Ng1f3 Nb8c6
2.d4 d5
3.h3 Bc8f5
4.Nb1c3 Nc6b4
5.e4 dxe4
6.Nf3h4 Qd8d7
7.Nh4xf5 Qd7xf5
8.a3 Nb4c6
9.Bf1b5 a6
10.Bb5a4 b5
11.Ba4b3 Ra8d8
12.d5 e6
13.Qd1g4 Qf5e5
14.dxc6 Rd8d4
15.O-O e3
16.Qg4e2 Bf8d6
17.Bc1xe3 Qe5h2

0-1

[Event "Match"]
[Site "www.echecsemail.com"]
[Date "2015.07.20"]
[Round "1"]
[White "Carazo"]
[Black "Wildtiger"]
[WhiteElo "1599"]
[BlackElo "1620"]
[Result "1-0"]
[Round "1"]
1.e4 Nb8c6
2.Ng1f3 d5
3.Bf1b5 a6
4.Bb5xc6 bxc6
5.Nb1c3 Bc8g4
6.h3 Bg4h5
7.g4 Bh5g6
8.b3 dxe4
9.Qd1e2 exf3
10.Qe2xf3 Qd8d6
11.a4 e5
12.Bc1a3 Qd6d7
13.d3 Bf8xa3
14.Qf3e2 O-O-O
15.Ra1xa3 Ng8f6
16.g5 Bg6h5
17.f3 Nf6d5
18.Nc3xd5 Qd7xd5
19.Rh1f1 Qd5e6
20.h4 f6
21.a5 Rd8d4
22.b4 Rd4xb4
23.Ra3a1 Rb4xh4
24.c4 Rh8f8
25.Qe2f2 fxg5
26.Qf2a7 Qe6f5
27.Qa7xa6 Kd8
28.Qa6a8 Ke7
29.Qa8xc6 Rf8d8
30.Qc6xc7 Rd8d7
31.Qc7c5 Kf7
32.a6 Qf5xd3
33.Qc5f2  { time }
1-0

[Event "Match"]
[Site "www.echecsemail.com"]
[Date "2015.07.20"]
[Round "1"]
[White "Alanocturna"]
[Black "Nugun"]
[WhiteElo "1680"]
[BlackElo "1610"]
[Result "0-1"]
[Round "1"]
1.g3 g6
2.Bf1g2 Bf8g7
3.d4 c6
4.Nb1c3 d5
5.e3 Ng8f6
6.Ng1e2 Bc8e6
7.O-O Qd8d7
8.Ne2f4 Be6f5
9.Rf1e1 g5
10.Nf4d3 Qd7e6
11.Nd3c5 Qe6c8
12.e4 Bf5g4
13.Qd1d2 h6
14.exd5 Bg4h3
 { time }
0-1

[Event "Match"]
[Site "www.echecsemail.com"]
[Date "2015.07.20"]
[Round "1"]
[White "Expert"]
[Black "Castletyme"]
[WhiteElo "1680"]
[BlackElo "1860"]
[Result "0-1"]
[Round "1"]
1.d4 d5
2.c4 e6
3.Nb1c3 Nb8c6
4.cxd5 exd5
5.Ng1f3 Ng8f6
6.Bc1g5 Bf8e7
7.e3 O-O
8.Bf1d3 Bc8e6
9.O-O Nf6d7
10.Bg5xe7 Nc6xe7
11.Ra1c1 Nd7f6
12.Nf3e5 Ne7g6
13.f4 Ng6xe5
14.fxe5 Nf6g4
15.Qd1d2 Qd8h4
16.g3 Qh4h3
17.Qd2g2 Qh3xg2
18.Kxg2 Ng4xe3
19.Kf2 Ne3xf1
20.Rc1xf1 a6
21.Kg2 b6
22.a3 c5
23.dxc5 bxc5
24.Rf1e1 c4
25.Bd3c2 { time. }
0-1